| Tag |
First Indicator |
Second Indicator |
Subfields |
| LEADER |
00000cam a2200000 4500 |
| 001 |
in00002783534 |
| 005 |
20150922151241.0 |
| 008 |
730130s1972 dcua b 001 0 eng |
| 010 |
|
|
|a 78179296
|
| 035 |
|
|
|a (OCoLC)ocm00585127
|
| 035 |
|
|
|a (OCoLC)585127
|
| 040 |
|
|
|a DLC
|b eng
|c DLC
|d BTCTA
|d CSO
|d UtOrBLW
|
| 043 |
|
|
|a n-us-in
|
| 049 |
|
|
|a TXAM
|
| 050 |
0 |
0 |
|a QE75
|b .P9 no. 686-A
|
| 050 |
1 |
4 |
|a GB1625.I5 F57 1972
|
| 051 |
|
|
|a GB1625.I5
|b F57
|c Copy 2.
|
| 082 |
0 |
0 |
|a 557.3/08 s
|a 551.4/82/0977279
|
| 086 |
0 |
|
|a I 19.16:686-A
|
| 100 |
1 |
|
|a Ficke, John F.
|
| 245 |
1 |
0 |
|a Comparison of evaporation computation methods, Pretty Lake, Lagrange County, Northeastern Indiana /
|c by John F. Ficke.
|
| 264 |
|
1 |
|a Washington :
|b U.S. Govt. Print. Off,
|c 1972.
|
| 300 |
|
|
|a v, 49 pages :
|b illustrations ;
|c 30 cm.
|
| 336 |
|
|
|a text
|b txt
|2 rdacontent
|
| 337 |
|
|
|a unmediated
|b n
|2 rdamedia
|
| 338 |
|
|
|a volume
|b nc
|2 rdacarrier
|
| 490 |
1 |
|
|a Hydrologic and biological studies of Pretty Lake, Indiana
|
| 490 |
1 |
|
|a Geological Survey professional paper 686-A
|
| 504 |
|
|
|a Bibliography: pages 47-48.
|
| 650 |
|
0 |
|a Hydrology
|z Indiana
|z Pretty Lake.
|
| 830 |
|
0 |
|a Hydrologic and biological studies of Pretty Lake, Indiana.
|
| 830 |
|
0 |
|a Geological Survey professional paper ;
|v 686-A.
|
| 948 |
|
|
|a cataloged
|b h
|c 2012/11/27
|d c
|e mvaldespin
|f 02:17:39 pm
|
| 994 |
|
|
|a C0
|b TXA
|
| 999 |
|
|
|a MARS
|
| 999 |
f |
f |
|s 9553744b-b36b-331f-b205-032e53274042
|i be1e07a1-5c1c-3e5a-bb5b-964087595b6d
|t 0
|
| 952 |
f |
f |
|p normal
|a Texas A&M University
|b College Station
|c Sterling C. Evans Library
|d Evans: US Documents (Annex 5th floor)
|t 0
|e I 19.16:686-A
|h Superintendent of Documents classification
|i unmediated -- volume
|m A14839369713
|
| 998 |
f |
f |
|a I 19.16:686-A
|t 0
|l Evans: US Documents (Annex 5th floor)
|